000 00872nam a2200181Ia 4500
008 100920s9999 xx 000 0 und d
082 _b67618
_a28 व 891,43 0
100 _aआनंद मुल्कराज /अनुवाद-शर्मा राजेन्द्र.
245 _aबापू का ऎतिहासिक मुकदमा (गोरी अदालत कटघरे में).
260 _b---
_c0
300 _a32
_bसाधी
365 _b20
520 _aबा.वि.हिंदी.
630 _aबापू का ऎतिहासिक मुकदमा (गोरी अदालत कटघरे में).
650 _aबा.वि.हिंदी.
730 _aबापू का ऎतिहासिक मुकदमा (गोरी अदालत कटघरे में).
942 _cBOOK
999 _c710056
_d710053